00456 2200181 4500001002100000005001500021035002000036007000300056008004100059020001800100082001000118084001600128100001800144245004200162260004400204856001700248990000900265INLIS00000000000164820230216124924 a0010-0223000109ta230216 g 0 ind  a9789790500235 a959.8 a959.8 EKO s0 aEko Praptanto1 aSejarah indonesia 9 : zaman orde baru aJakarta :bBina sumber daya mipa,c2010 aKoleksi Umum a2910